Normal view
MARC view
Entry Personal Name
001 - CONTROL NUMBER
- control field: 1058575
003 - CONTROL NUMBER IDENTIFIER
- control field: OSt
005 - DATE AND TIME OF LATEST TRANSACTION
- control field: 20260121170010.0
008 - FIXED-LENGTH DATA ELEMENTS
- fixed length control field: 260121|| aca||aabn | a|a d
040 ## - CATALOGING SOURCE
- Original cataloging agency: OSt
- Transcribing agency: OSt
100 ## - HEADING--PERSONAL NAME
- Personal name: Mohamed Jemni, Kinshuk, Mohamed Koutheair Khribi
670 ## - SOURCE DATA FOUND
- Source citation: Work cat.: (OSt)1624304: Mohamed Jemni, Kinshuk, Mohamed Koutheair Khribi, Open Education: from OERs to MOOCs
